000 00695cam a22002411 4500
001 1977
003 BD-RjUL
005 20211208233444.0
008 131210s1966 pk b 000 0 eng
035 _a(BD-RjUL)2004
040 _aDLC
_cDLC
_dDLC
_dBD-RjUL
_beng
041 _aeng
082 _216
_a327.547054
_bBEP 1966
100 1 _aBeg, Aziz.
_96510
245 1 0 _aPakistan faces India /
_cby Aziz Beg.
260 _aLahore :
_bBabur and Amer Publications,
_c1966.
300 _a282 p. :
_bmaps. ;
_c21 cm.
651 0 _aPakistan
_xForeign relations
_zIndia.
_96511
651 0 _aIndia
_xForeign relations
_zPakistan.
_96512
942 _2ddc
_cBK
999 _c1977
_d1977